Faculty of Law Library — Cairo University

Official Online Catalog

رقابة القضاء على أعمال الإدارة. (Record no. 71677)

MARC details
000 -LEADER
fixed length control field 01195nam a2200313 i 4500
003 - CONTROL NUMBER IDENTIFIER
control field EG-GICUC
005 - DATE AND TIME OF LATEST TRANSACTION
control field 20260418162625.0
008 - FIXED-LENGTH DATA ELEMENTS--GENERAL INFORMATION
fixed length control field 260418s1991 au ||||fr|||| 00| 0 ara d
017 ## - COPYRIGHT OR LEGAL DEPOSIT NUMBER
Copyright or legal deposit number 85 /7453
020 ## - INTERNATIONAL STANDARD BOOK NUMBER
International Standard Book Number 977 _ 04 _ 0210 _ 9
040 ## - CATALOGING SOURCE
Original cataloging agency EG-GICUC
Language of cataloging ara
Transcribing agency EG-GICUC
Modifying agency EG-GICUC
Description conventions rda
041 0# - LANGUAGE CODE
Language code of text/sound track or separate title ara
082 04 - DEWEY DECIMAL CLASSIFICATION NUMBER
Edition number 21
Classification number 345.693
Item number م م . ر
092 04 - LOCALLY ASSIGNED DEWEY CALL NUMBER (OCLC)
Edition number 21
099 ## - LOCAL FREE-TEXT CALL NUMBER (OCLC)
Classification number Law1 07 345.693 م م . ر 1991
100 0# - MAIN ENTRY--PERSONAL NAME
Personal name محمد محمد بدران
Relator term Author.
245 00 - TITLE STATEMENT
Title رقابة القضاء على أعمال الإدارة.
Number of part/section of a work الكتاب الأول :
Remainder of title مبدأ المشروعية وتنظيم القضاء الاداري واختصاصه /
Statement of responsibility, etc. محمد محمد بدران
264 #1 - PRODUCTION, PUBLICATION, DISTRIBUTION, MANUFACTURE, AND COPYRIGHT NOTICE
Place of production, publication, distribution, manufacture مصر :
Name of producer, publisher, distributor, manufacturer دار النهضة العربية،
Date of production, publication, distribution, manufacture, or copyright notice 1991.
300 ## - PHYSICAL DESCRIPTION
Extent 279 صفحة ؛
Dimensions 24 سم
336 ## - CONTENT TYPE
Source rda content
Content type term text
337 ## - MEDIA TYPE
Source rda media
Media type term Computer
338 ## - CARRIER TYPE
Source rda carrier
Carrier type term Online Resource
546 ## - LANGUAGE NOTE
Language note النص باللغة العربية
650 1# - SUBJECT ADDED ENTRY--TOPICAL TERM
Topical term or geographic name entry element الرقابة القضائية علي اعمال الادارة
Source of heading or term qrmak
651 1# - SUBJECT ADDED ENTRY--GEOGRAPHIC NAME
Source of heading or term qrmak
856 40 - ELECTRONIC LOCATION AND ACCESS
Uniform Resource Identifier <a href="https://fll.law.cu.edu.eg/fulltext/bks/لآ07-03598.pdf">https://fll.law.cu.edu.eg/fulltext/bks/لآ07-03598.pdf</a>
905 ## - Cataloger and Reviser Names
Cataloger Name: Salma Hany
942 ## - ADDED ENTRY ELEMENTS (KOHA)
Source of classification or shelving scheme Dewey Decimal Classification
Koha item type Books
Edition 21
Suppress in OPAC No
Holdings
Withdrawn status Lost status Source of classification or shelving scheme Damaged status Not for loan Collection Home library Current library Date acquired Total checkouts Full call number Barcode Date last seen Price effective from Koha item type Materials specified (bound volume or other part) Copy number
    Dewey Decimal Classification   Not for loan القانون الإداري جــــامعة القــاهرة مكتبة كلية الحقوق - المبنى الرئيسي 18.04.2026   Law1 07 345.693 م ح . ر 1991 0703598 C1 B07-03598 18.04.2026 18.04.2026 Books    
    Dewey Decimal Classification     القانون الإداري جــــامعة القــاهرة مكتبة كلية الحقوق - المبنى الرئيسي 18.04.2026   Law1 07 345.693 م ح . ر 1991 0703596 C2 B07-03596 18.04.2026 18.04.2026 Books    
    Dewey Decimal Classification     القانون الإداري مكتبة كلية الحقوق - فـرع الشيخ زايد مكتبة كلية الحقوق - فـرع الشيخ زايد 05.05.2026   Law2 07 345.693 م ح . ر 1991 0703592 V1 C3 B07-03592 05.05.2026 05.05.2026 Books V1 3

© All rights reserved — Faculty of Law, Cairo University